000 00793nas a2200277 4500
001 BR2011001320
003 BR-BrBNA
005 20231205114505.0
007 ta
008 230509b bl.|||p| |||| 00| 00por d
040 _aBR-BrBNA
_bpor
_cBiblioteca Nacional de Agricultura
041 _a(En)
072 _aF62; P40
100 1 _aStreck, N.A.
100 1 _aLangner, J.A.
100 1 _aLago, I.
245 1 _aMaize leaf development under climate change scenarios
650 _aMILHO
650 _aÁREA FOLIAR
650 _aCRESCIMENTO
650 _aTEMPERATURA
650 _aGEADA
773 0 _tPesquisa Agropecuária Brasileira (Brazil)
_xISSN 0100-204X
_g(Nov 2010), v. 45(11) p. 1227-1236
_wBR2011001320
909 _a202311
_bLúcia
_c55
_dLúcia Elande
942 _2AGRIS
_n0
_cANA
999 _c209014
_d209014